Los romanos : (Registro nro. 31166)
[ vista simple ]
| 000 -LEADER | |
|---|---|
| fixed length control field | 01048nam a22002657a 4500 |
| 003 - CONTROL NUMBER IDENTIFIER | |
| control field | OSt |
| 005 - DATE AND TIME OF LATEST TRANSACTION | |
| control field | 20260326164812.0 |
| 008 - FIXED-LENGTH DATA ELEMENTS--GENERAL INFORMATION | |
| fixed length control field | 260326b |||||||| |||| 00| 0 eng d |
| 020 ## - INTERNATIONAL STANDARD BOOK NUMBER | |
| International Standard Book Number | 9789583024566 |
| 037 ## - SOURCE OF ACQUISITION | |
| Source of stock number/acquisition | Donación |
| 040 ## - CATALOGING SOURCE | |
| Original cataloging agency | CO-JMCR |
| Language of cataloging | spa |
| Transcribing agency | CO-JMCR |
| Modifying agency | CO-JMCR |
| Description conventions | rda |
| 041 1# - LANGUAGE CODE | |
| Language code of text/sound track or separate title | spa |
| Language code of original | ita |
| 082 04 - DEWEY DECIMAL CLASSIFICATION NUMBER | |
| Classification number | I937.06 |
| Item number | C17r |
| 100 1# - MAIN ENTRY--PERSONAL NAME | |
| Personal name | Casalis, Anna, |
| Dates associated with a name | 1953- |
| 9 (RLIN) | 44582 |
| 245 14 - TITLE STATEMENT | |
| Title | Los romanos : |
| Remainder of title | libro con ventanillas / |
| Statement of responsibility, etc. | Anna Casalis ; ilustraciones Tony Wolf ; traducción de Gabriela García de la Torre. |
| 260 ## - PUBLICATION, DISTRIBUTION, ETC. | |
| Place of publication, distribution, etc. | Bogotá : |
| Name of publisher, distributor, etc. | Panamericana Editorial, |
| Date of publication, distribution, etc. | 2007. |
| 300 ## - PHYSICAL DESCRIPTION | |
| Extent | [10] páginas : |
| Other physical details | ilustraciones ; |
| Dimensions | 29 cm. |
| 534 ## - ORIGINAL VERSION NOTE | |
| Introductory phrase | Título original : |
| Title statement of original | Romani. |
| 650 #7 - SUBJECT ADDED ENTRY--TOPICAL TERM | |
| Topical term or geographic name entry element | Civilización latina |
| Form subdivision | Literatura juvenil. |
| Source of heading or term | JMCR |
| 9 (RLIN) | 44583 |
| 651 #7 - SUBJECT ADDED ENTRY--GEOGRAPHIC NAME | |
| Geographic name | Roma |
| General subdivision | Historia |
| Form subdivision | Literatura juvenil. |
| Source of heading or term | JMCR |
| 9 (RLIN) | 44584 |
| 651 #7 - SUBJECT ADDED ENTRY--GEOGRAPHIC NAME | |
| Geographic name | Roma |
| General subdivision | Vida social y costumbres |
| Form subdivision | Literatura juvenil. |
| Source of heading or term | JMCR |
| 9 (RLIN) | 44585 |
| 700 1# - ADDED ENTRY--PERSONAL NAME | |
| Personal name | Wolf, Tony, |
| Dates associated with a name | 1930-2018, |
| Relator term | ilustrador |
| 9 (RLIN) | 44586 |
| 700 1# - ADDED ENTRY--PERSONAL NAME | |
| Personal name | García de la Torre, Gabriela, |
| Dates associated with a name | 1970- |
| Relator term | traductor |
| 9 (RLIN) | 44587 |
| 942 ## - ADDED ENTRY ELEMENTS (KOHA) | |
| Source of classification or shelving scheme | Dewey Decimal Classification |
| Koha item type | Books |
| Withdrawn status | Lost status | Source of classification or shelving scheme | Damaged status | Not for loan | Collection code | Home library | Current library | Shelving location | Date acquired | Total Checkouts | Full call number | Barcode | Date last seen | Copy number | Price effective from | Koha item type |
|---|---|---|---|---|---|---|---|---|---|---|---|---|---|---|---|---|
| Dewey Decimal Classification | Non-fiction | Biblioteca Pública José María del Castillo y Rada | Biblioteca Pública José María del Castillo y Rada | Book Cart | 03/26/2026 | I937.06 C17r | 201812530 | 03/26/2026 | Ej.1 | 03/26/2026 | Books |